| 000 | 00804cam a2200265 a 4500 | ||
|---|---|---|---|
| 008 | |||
| 020 | _a9781848138827(pbk.) | ||
| 049 | _aMAIN | ||
| 090 |
_aJQ1879.A15 _bAFR |
||
| 245 | 0 | 0 |
_aAfrican conflicts and informal power : _bbig men and networks / _cedited by Mats Utas. |
| 260 |
_aLondon : _bZed Books, _c2012. |
||
| 300 |
_a255 p. : _bill. ; _c24 cm. |
||
| 490 | 1 | _aAfrica now | |
| 500 | _alncludes index. | ||
| 504 | _aIncludes bibliographical references. | ||
| 650 | 0 |
_aConflict management _zAfrica. |
|
| 650 | 0 |
_aAfrica _xHistory. |
|
| 650 | 0 |
_aAfrica _xPolitics and government. |
|
| 700 | 1 | _aUtas, Mats. | |
| 907 |
_a.b10336394 _b21-06-16 _c29-10-13 |
||
| 003 | |||
| 005 | 20230123122034.0 | ||
| 040 | _cNUST | ||
| 942 |
_cBOOKS _kJQ1879.A15 _mAFR |
||
| 999 |
_c126741 _d126741 |
||